[Event "HUN-chT2 Szechenyi 1617"]
[Site "Hungary"]
[Date "2016.10.30"]
[Round "3.1"]
[White "Plank, Franz"]
[Black "Toronyi, David"]
[Result "1/2-1/2"]
[WhiteElo "2236"]
[BlackElo "2079"]
[PlyCount "109"]
[EventDate "2016.09.25"]
[EventType "team-tourn"]
[EventRounds "11"]
[EventCountry "HUN"]
[SourceTitle "EXT 2021"]
[Source "ChessBase"]
[SourceDate "2020.10.23"]
[SourceVersion "1"]
[SourceVersionDate "2020.10.23"]
[SourceQuality "1"]
[WhiteTeam "Lovo"]
[BlackTeam "Tapolca VSE II"]
[WhiteTeamCountry "HUN"]
[BlackTeamCountry "HUN"]

1. e4 c5 2. d4 cxd4 3. Qxd4 Nc6 4. Qd3 g6 5. Nc3 Bg7 6. Nf3 d6 7. Be2 Nf6 8. 0-0 0-0 9. Nd5 Bg4 10. c3 Bxf3 11. Qxf3 Ne5 12. Nxf6+ Bxf6 13. Qe3 Qc7 14. Rd1 Nc4 15. Qd3 Rac8 16. Qc2 Qb6 17. Rb1 Rfd8 18. Bf4 Be5 19. Qc1 Bxf4 20. Qxf4 Qa5 21. a3 Qe5 22. Qxe5 Nxe5 23. Rd4 Rc5 24. Rbd1 Rdc8 25. f3 Kf8 26. Kf2 Ke8 27. Ke3 Nc4+ 28. Bxc4 Rxc4 29. Rd5 R4c5 30. R1d4 Rxd5 31. Rxd5 Kd7 32. Kd3 e6 33. Rb5 b6 34. c4 Rc5 35. Rb3 h5 36. Rc3 Rg5 37. Rc2 Rc5 38. b4 Rc8 39. Rc3 e5 40. Rc2 Kc6 41. h4 f5 42. g3 Rh8 43. Rf2 Kd7 44. f4 Ke6 45. Rf1 Rc8 46. Re1 exf4 47. gxf4 fxe4+ 48. Rxe4+ Kf5 49. Rd4 Ke6 50. Rd5 Rf8 51. Ke4 Rc8 52. Kd3 Rf8 53. Ke4 Rc8 54. Kd3 Rf8 55. Ke4 1/2-1/2

[Event "HUN-chT2 Szechenyi 1516"]
[Site "Hungary"]
[Date "2015.11.29"]
[Round "5.1"]
[White "Toronyi, David"]
[Black "Kulmany, Istvan Mihaly"]
[Result "1/2-1/2"]
[WhiteElo "2065"]
[BlackElo "2087"]
[PlyCount "37"]
[EventDate "2015.09.13"]
[EventType "team-tourn"]
[EventRounds "11"]
[EventCountry "HUN"]
[SourceTitle "CBM 170 Extra"]
[Source "ChessBase"]
[SourceDate "2016.02.25"]
[SourceVersion "1"]
[SourceVersionDate "2016.02.25"]
[SourceQuality "1"]
[WhiteTeam "Tapolca Kolcsey"]
[BlackTeam "Szechenyi ESE"]
[WhiteTeamCountry "HUN"]
[BlackTeamCountry "HUN"]

1. e4 c5 2. Nf3 Nc6 3. Bb5 e6 4. 0-0 Nge7 5. Re1 a6 6. Bf1 Ng6 7. c3 d5 8. exd5 Qxd5 9. d4 cxd4 10. cxd4 Bb4 11. Nc3 Bxc3 12. bxc3 b5 13. Ba3 Bb7 14. Bd3 Nce7 15. Be4 Qd7 16. Ng5 Bxe4 17. Nxe4 0-0 18. Bxe7 Qxe7 19. Nc5 1/2-1/2

[Event "HUN-chT2 Szechenyi 1415"]
[Site "Hungary"]
[Date "2015.03.01"]
[Round "9.1"]
[White "Toronyi, David"]
[Black "Fendrik, Lajos"]
[Result "1-0"]
[WhiteElo "2058"]
[BlackElo "2164"]
[PlyCount "141"]
[EventDate "2014.09.07"]
[EventType "team-tourn"]
[EventRounds "11"]
[EventCountry "HUN"]
[SourceTitle "EXT 2016"]
[Source "ChessBase"]
[SourceDate "2015.10.08"]
[SourceVersion "1"]
[SourceVersionDate "2015.10.08"]
[SourceQuality "1"]
[WhiteTeam "Tapolca"]
[BlackTeam "Zala Volan"]
[WhiteTeamCountry "HUN"]
[BlackTeamCountry "HUN"]

1. e4 c5 2. Nf3 g6 3. d4 cxd4 4. Nxd4 Bg7 5. c3 Nc6 6. Be3 Nf6 7. Nd2 0-0 8. Be2 d5 9. Nxc6 bxc6 10. e5 Ne8 11. f4 f6 12. exf6 Bxf6 13. Nf3 Nd6 14. Nd4 Nf5 15. Nxf5 Bxf5 16. Bd3 Bxd3 17. Qxd3 e5 18. fxe5 Bxe5 19. 0-0-0 Qd6 20. h4 Bf4 21. Rhf1 Rae8 22. Bxf4 Rxf4 23. g3 Rxf1 24. Rxf1 Re5 25. Qa6 Qc5 26. Rf6 Kg7 27. Qxc6 Qe3+ 28. Kc2 Qe4+ 29. Kb3 Qc4+ 30. Ka3 Qe4 31. Rf4 Qe3 32. Qf6+ Kh6 33. Qf8+ Kh5 34. Rf3 Qe4 35. Qf6 Rf5 36. Rxf5+ Qxf5 37. Qd4 a6 38. Kb4 Qf8+ 39. Ka5 Qd6 40. a4 Qxg3 41. Kxa6 Qb8 42. b4 Qc8+ 43. Kb6 Qb8+ 44. Kc5 Qa7+ 45. Kxd5 Qxa4 46. Kc4 Qa2+ 47. Kb5 Qa1 48. Kb6 h6 49. b5 g5 50. hxg5 hxg5 51. Kc7 Qa3 52. b6 Qe7+ 53. Kc6 Qe6+ 54. Kc7 Qe7+ 55. Kb8 Qf8+ 56. Kc7 Qe7+ 57. Kc6 Qe6+ 58. Kb5 Qe8+ 59. Kb4 Qc6 60. Qc5 Qe4+ 61. c4 Kh4 62. Qd5 Qe1+ 63. Kc5 Qe7+ 64. Kb5 Qe8+ 65. Qc6 Qe5+ 66. c5 Qe2+ 67. Ka5 Qe1+ 68. Ka6 Qa1+ 69. Kb7 g4 70. Qh6+ Kg3 71. c6 1-0

[Event "HUN-chT2 Szechenyi 1415"]
[Site "Hungary"]
[Date "2014.11.30"]
[Round "5.1"]
[White "Toronyi, David"]
[Black "Pinterne, Kovacs Marta"]
[Result "1/2-1/2"]
[WhiteElo "2058"]
[BlackElo "2123"]
[PlyCount "26"]
[EventDate "2014.09.07"]
[EventType "team-tourn"]
[EventRounds "11"]
[EventCountry "HUN"]
[SourceTitle "EXT 2016"]
[Source "ChessBase"]
[SourceDate "2015.10.08"]
[SourceVersion "1"]
[SourceVersionDate "2015.10.08"]
[SourceQuality "1"]
[WhiteTeam "Tapolca"]
[BlackTeam "Keszthely"]
[WhiteTeamCountry "HUN"]
[BlackTeamCountry "HUN"]

1. e4 g6 2. Nf3 Bg7 3. d4 d6 4. h3 a6 5. c3 Nd7 6. Bc4 h6 7. 0-0 Nb6 8. Bb3 e6 9. Be3 Qe7 10. e5 Nd7 11. exd6 cxd6 12. Nbd2 Ngf6 13. Bf4 g5 1/2-1/2

[Event "HUN-chT2 Szechenyi 1213"]
[Site "Hungary"]
[Date "2013.03.03"]
[Round "8.5"]
[White "Tako, Annamaria"]
[Black "Toronyi, David"]
[Result "1-0"]
[WhiteElo "1927"]
[BlackElo "2067"]
[PlyCount "89"]
[EventDate "2012.09.16"]
[EventType "team-tourn"]
[EventRounds "11"]
[EventCountry "HUN"]
[SourceTitle "EXT 2014"]
[Source "ChessBase"]
[SourceDate "2013.11.20"]
[SourceVersion "1"]
[SourceVersionDate "2013.11.20"]
[SourceQuality "1"]
[WhiteTeam "Arboretum"]
[BlackTeam "Tapolca"]
[WhiteTeamCountry "HUN"]
[BlackTeamCountry "HUN"]

1. e4 d5 2. exd5 Nf6 3. d4 Nxd5 4. Nf3 g6 5. c3 Bg7 6. Bd3 0-0 7. 0-0 b6 8. Re1 Bb7 9. Nbd2 c5 10. Be4 cxd4 11. Nxd4 e5 12. N4f3 f5 13. Bxd5+ Qxd5 14. c4 Qc6 15. Re2 Nd7 16. Rb1 e4 17. Ne1 Ne5 18. b4 Nxc4 19. Qb3 b5 20. Bb2 Rfd8 21. Bxg7 Kxg7 22. Nxc4 bxc4 23. Qc3+ Kg8 24. b5 Qc5 25. Rc2 Rac8 26. Rcb2 Rd6 27. a4 Bd5 28. a5 Rb8 29. h3 Bf7 30. Rb4 a6 31. bxa6 Ra8 32. Rb8+ Rd8 33. R8b5 Qc8 34. Rb7 Rxa6 35. R1b6 Qa8 36. Rxa6 Qxa6 37. Rb6 Qa7 38. Qb4 Bd5 39. Nc2 Ra8 40. a6 Qd7 41. Rd6 Qf7 42. Qc5 Be6 43. Nd4 Rc8 44. Nxe6 Rxc5 45. Rd8+ 1-0

[Event "HUN-chT2 Szechenyi 1213"]
[Site "Hungary"]
[Date "2012.12.02"]
[Round "5.7"]
[White "Toronyi, David"]
[Black "Szukics, Adam"]
[Result "1-0"]
[WhiteElo "2067"]
[BlackElo "1875"]
[PlyCount "75"]
[EventDate "2012.09.16"]
[EventType "team-tourn"]
[EventRounds "11"]
[EventCountry "HUN"]
[SourceTitle "EXT 2014"]
[Source "ChessBase"]
[SourceDate "2013.11.20"]
[SourceVersion "1"]
[SourceVersionDate "2013.11.20"]
[SourceQuality "1"]
[WhiteTeam "Tapolca"]
[BlackTeam "Haladas III"]
[WhiteTeamCountry "HUN"]
[BlackTeamCountry "HUN"]

1. e4 e5 2. Nf3 Nc6 3. d4 exd4 4. Nxd4 Bc5 5. Nxc6 Qf6 6. Qd2 Qxc6 7. Bd3 Nf6 8. 0-0 0-0 9. b4 Bd4 10. c3 Bb6 11. c4 Bd4 12. Nc3 b6 13. Bb2 Re8 14. Rac1 Bb7 15. Kh1 d6 16. f4 Qd7 17. Bc2 Bxc3 18. Qxc3 Rad8 19. Rf3 Qe6 20. Rg3 Kh8 21. e5 Nh5 22. Re3 Qg4 23. Be4 Bxe4 24. Rxe4 Qf5 25. Qf3 dxe5 26. g4 Qf6 27. gxh5 Qc6 28. fxe5 Rd2 29. Bc3 Rd7 30. Rf4 Qe6 31. Qg4 Qc6+ 32. Kg1 Rd3 33. Rxf7 Qh6 34. Rf3 Rxf3 35. Qxf3 Qg5+ 36. Kh1 Rd8 37. e6 Qe7 38. Qf7 1-0

[Event "HUN-chT2 Szechenyi 1011"]
[Site "Hungary"]
[Date "2011.05.01"]
[Round "10.1"]
[White "Marton, Jozsef"]
[Black "Toronyi, David"]
[Result "1/2-1/2"]
[WhiteElo "2130"]
[BlackElo "2045"]
[PlyCount "51"]
[EventDate "2010.09.12"]
[EventType "team-tourn"]
[EventRounds "11"]
[EventCountry "HUN"]
[SourceTitle "EXT 2012"]
[Source "ChessBase"]
[SourceDate "2011.11.24"]
[SourceVersion "1"]
[SourceVersionDate "2011.11.24"]
[SourceQuality "1"]
[WhiteTeam "Ajka Banyasz"]
[BlackTeam "Tapolca"]
[WhiteTeamCountry "HUN"]
[BlackTeamCountry "HUN"]

1. Nf3 d5 2. g3 Nf6 3. c4 e6 4. Bg2 Be7 5. 0-0 0-0 6. b3 c5 7. e3 Nc6 8. Bb2 b6 9. d3 Bb7 10. Nc3 Rc8 11. a3 Qd7 12. cxd5 Nxd5 13. Nxd5 exd5 14. Rc1 Rfd8 15. d4 Ba6 16. Re1 c4 17. e4 dxe4 18. Rxe4 cxb3 19. Rxc6 Qxc6 20. Rxe7 Qc2 21. Qa1 Re8 22. Ne1 Qd2 23. Nf3 Qc2 24. Ne1 Qd2 25. Nf3 Qc2 26. Ne1 1/2-1/2

[Event "HUN-chT2 Szechenyi 1011"]
[Site "Hungary"]
[Date "2011.04.17"]
[Round "9.1"]
[White "Toronyi, David"]
[Black "Gruskovnjak, Tomislav"]
[Result "1/2-1/2"]
[WhiteElo "2045"]
[BlackElo "2354"]
[PlyCount "99"]
[EventDate "2010.09.12"]
[EventType "team-tourn"]
[EventRounds "11"]
[EventCountry "HUN"]
[SourceTitle "EXT 2012"]
[Source "ChessBase"]
[SourceDate "2011.11.24"]
[SourceVersion "1"]
[SourceVersionDate "2011.11.24"]
[SourceQuality "1"]
[WhiteTeam "Tapolca"]
[BlackTeam "Alsoszolnok"]
[WhiteTeamCountry "HUN"]
[BlackTeamCountry "HUN"]

1. e4 c5 2. Nf3 d6 3. Bb5+ Nc6 4. d4 cxd4 5. Nxd4 Bd7 6. 0-0 Nf6 7. Nc3 a6 8. Nxc6 bxc6 9. Bc4 g6 10. Qe2 Qa5 11. Bd2 Bg7 12. Nd5 Qd8 13. Nxf6+ Bxf6 14. c3 0-0 15. Bh6 Re8 16. Bxa6 Bg4 17. Qxg4 Rxa6 18. Qe2 Qa8 19. a3 Rb8 20. Rad1 Ra4 21. Bc1 Rb5 22. f4 Qb7 23. g4 Bg7 24. Qf3 h5 25. h3 hxg4 26. hxg4 Qc8 27. f5 gxf5 28. gxf5 Re5 29. Rfe1 d5 30. Rd4 Rxd4 31. cxd4 dxe4 32. Rxe4 Rxf5 33. Qg2 Rh5 34. Rxe7 Rh4 35. Re4 Rxe4 36. Qxe4 Qd7 37. Be3 Qh3 38. Bf2 Qh6 39. Be3 Qh3 40. Bf2 Qh5 41. Qe8+ Kh7 42. Qxc6 Qd1+ 43. Kg2 Qg4+ 44. Kf1 Qd1+ 45. Kg2 Qg4+ 46. Kh2 Bh6 47. Qg2 Bf4+ 48. Kg1 Qd1+ 49. Qf1 Qg4+ 50. Qg2 1/2-1/2

[Event "HUN-chT2 Szechenyi 1011"]
[Site "Hungary"]
[Date "2011.03.27"]
[Round "7.1"]
[White "Toronyi, David"]
[Black "Rako, Istvan"]
[Result "0-1"]
[WhiteElo "2045"]
[BlackElo "2138"]
[PlyCount "72"]
[EventDate "2010.09.12"]
[EventType "team-tourn"]
[EventRounds "11"]
[EventCountry "HUN"]
[SourceTitle "EXT 2012"]
[Source "ChessBase"]
[SourceDate "2011.11.24"]
[SourceVersion "1"]
[SourceVersionDate "2011.11.24"]
[SourceQuality "1"]
[WhiteTeam "Tapolca"]
[BlackTeam "FKMK"]
[WhiteTeamCountry "HUN"]
[BlackTeamCountry "HUN"]

1. e4 c6 2. d4 d5 3. exd5 cxd5 4. Bd3 Nc6 5. c3 g6 6. Nf3 Nf6 7. h3 Bg7 8. 0-0 0-0 9. Re1 a6 10. Bg5 Qd6 11. Nbd2 Be6 12. Ne5 Nd7 13. Nxc6 bxc6 14. Qe2 Rfe8 15. Qe3 c5 16. Bh6 cxd4 17. cxd4 Bh8 18. Nf3 Nb6 19. b3 Qb4 20. Rac1 Rec8 21. Qf4 a5 22. Ne5 Nd7 23. Nf3 Nf6 24. Qd2 Qa3 25. Be3 Bg7 26. Bb1 Ne4 27. Bxe4 dxe4 28. Ne5 a4 29. Nc4 Bxc4 30. bxc4 Rab8 31. Qc3 Qxa2 32. c5 Ra8 33. Ra1 Qd5 34. Qc2 a3 35. Qc3 a2 36. Qc2 e5 0-1

[Event "HUN-chT2 Charousek 0708"]
[Site "Hungary"]
[Date "2008.04.27"]
[Round "10"]
[White "Toronyi, David"]
[Black "Misetane Burjan, Anita"]
[Result "1/2-1/2"]
[WhiteElo "2075"]
[BlackElo "2025"]
[PlyCount "26"]
[EventDate "2007.10.14"]
[EventType "team"]
[EventRounds "11"]
[EventCountry "HUN"]
[SourceTitle "EXT 2009"]
[Source "ChessBase"]
[SourceDate "2008.11.26"]
[SourceVersion "1"]
[SourceVersionDate "2008.11.26"]
[SourceQuality "1"]
[WhiteTeam "Tapolca"]
[BlackTeam "Szenna Pack"]
[WhiteTeamCountry "HUN"]
[BlackTeamCountry "HUN"]

1. e4 e5 2. Nf3 Nc6 3. d4 exd4 4. Nxd4 Nf6 5. Nxc6 bxc6 6. e5 Qe7 7. Qe2 Nd5 8. c4 Ba6 9. Nd2 Nb6 10. Qe4 d5 11. exd6 cxd6 12. b3 d5 13. Qxe7+ Bxe7 1/2-1/2

[Event "HUN-chT2 Charousek 0708"]
[Site "Hungary"]
[Date "2007.12.09"]
[Round "4"]
[White "Toronyi, David"]
[Black "Rezsek, Gyozo"]
[Result "1/2-1/2"]
[WhiteElo "2075"]
[BlackElo "2086"]
[PlyCount "81"]
[EventDate "2007.10.14"]
[EventType "team"]
[EventRounds "11"]
[EventCountry "HUN"]
[SourceTitle "EXT 2009"]
[Source "ChessBase"]
[SourceDate "2008.11.26"]
[SourceVersion "1"]
[SourceVersionDate "2008.11.26"]
[SourceQuality "1"]
[WhiteTeam "Tapolca"]
[BlackTeam "Nagykanizsa II"]
[WhiteTeamCountry "HUN"]
[BlackTeamCountry "HUN"]

1. e4 c5 2. Nf3 Nc6 3. Bb5 e6 4. 0-0 Nge7 5. Re1 a6 6. Bf1 Ng6 7. Nc3 d6 8. g3 Be7 9. Bg2 Nge5 10. Nxe5 dxe5 11. d3 0-0 12. Ne2 Qb6 13. b3 Rd8 14. Be3 Bd7 15. f4 Bf6 16. Rb1 Nd4 17. Kh1 Qc7 18. Rf1 Be8 19. fxe5 Bxe5 20. Bf4 Rac8 21. c3 Nxe2 22. Qxe2 Bb5 23. Rbd1 Rd7 24. a4 Bc6 25. Qe3 Rcd8 26. Rd2 Bxf4 27. gxf4 e5 28. f5 f6 29. Qxc5 Bxe4 30. Qxc7 Bxg2+ 31. Kxg2 Rxc7 32. Rc1 Rcd7 33. Rcd1 Rd5 34. Kf3 a5 35. Ke4 b5 36. axb5 Rxb5 37. Rb1 Rdb8 38. Rdb2 Rc8 39. Rc2 Rbc5 40. Rbc1 Rb5 41. Rb1 1/2-1/2

[Event "HUN-chT2 Szechenyi 0607"]
[Site "Hungary"]
[Date "2007.04.15"]
[Round "8"]
[White "Pinterne, Kovacs Marta"]
[Black "Toronyi, David"]
[Result "1-0"]
[WhiteElo "2163"]
[BlackElo "2061"]
[PlyCount "67"]
[EventDate "2006.11.12"]
[EventType "team"]
[EventRounds "11"]
[EventCountry "HUN"]
[SourceTitle "EXT 2008"]
[Source "ChessBase"]
[SourceDate "2007.11.25"]
[SourceVersion "1"]
[SourceVersionDate "2007.11.25"]
[SourceQuality "1"]
[WhiteTeam "Khelyi Spartacus"]
[BlackTeam "Tapolca Varju"]
[WhiteTeamCountry "HUN"]
[BlackTeamCountry "HUN"]

1. d4 d5 2. e3 Nf6 3. Bd3 e6 4. Nd2 Nbd7 5. f4 c5 6. c3 b6 7. Qf3 Bb7 8. Ne2 h5 9. g3 Bd6 10. 0-0 Qe7 11. a4 g6 12. h3 Ng8 13. e4 dxe4 14. Bxe4 Bxe4 15. Nxe4 Rd8 16. Be3 Ngf6 17. Nxd6+ Qxd6 18. dxc5 bxc5 19. Rfd1 Qc7 20. c4 0-0 21. Bd2 Rb8 22. Bc3 Qb7 23. Qe3 Rfd8 24. Rxd7 Nxd7 25. f5 e5 26. fxg6 fxg6 27. Qh6 Qe4 28. Nf4 Nf8 29. Re1 Qxe1+ 30. Bxe1 exf4 31. Bc3 Rd7 32. Qh8+ Kf7 33. Qg7+ Ke8 34. Qe5+ 1-0

[Event "HUN-chT2 Charousek 0607"]
[Site "Hungary"]
[Date "2007.02.18"]
[Round "5"]
[White "Antal, Agnes"]
[Black "Toronyi, David"]
[Result "1/2-1/2"]
[WhiteElo "2042"]
[BlackElo "2052"]
[PlyCount "73"]
[EventDate "2006.11.12"]
[EventType "team"]
[EventRounds "11"]
[EventCountry "HUN"]
[SourceTitle "EXT 2008"]
[Source "ChessBase"]
[SourceDate "2007.11.25"]
[SourceVersion "1"]
[SourceVersionDate "2007.11.25"]
[SourceQuality "1"]
[WhiteTeam "Barcza"]
[BlackTeam "Tapolca"]
[WhiteTeamCountry "HUN"]
[BlackTeamCountry "HUN"]

1. e4 d5 2. exd5 Nf6 3. Nf3 Nxd5 4. d4 g6 5. c3 Bg7 6. Bd3 0-0 7. 0-0 Nd7 8. Na3 c5 9. Qb3 N5f6 10. Bf4 Nh5 11. Be3 cxd4 12. cxd4 Nb6 13. Rfc1 Be6 14. Qd1 a6 15. Ng5 Nf6 16. Nxe6 fxe6 17. Qb3 Nfd5 18. Nc4 Rc8 19. Ne5 Bxe5 20. dxe5 Nxe3 21. Qxe6+ Kh8 22. fxe3 Qxd3 23. Qxb6 Rxc1+ 24. Rxc1 Qd2 25. Rf1 Rxf1+ 26. Kxf1 Qd3+ 27. Ke1 Kg7 28. Qd4 Qb1+ 29. Kd2 g5 30. e6+ Kg6 31. Qd3+ Qxd3+ 32. Kxd3 Kf6 33. Kc4 Kxe6 34. Kc5 Ke5 35. Kb6 Ke4 36. Kxb7 a5 37. Ka6 1/2-1/2